Supercharging, Turbocharging, & Nitrous Oxide : Performance Handbook
Guardado en:
| Autores principales: | , |
|---|---|
| Formato: | Libro |
| Lenguaje: | inglés |
| Publicado: |
St. Paul :
Motorbooks,
2001
|
| Edición: | [1. vyd.] |
| Colección: | Powerpro Series
2001 |
| Materias: | |
| Etiquetas: |
Sin Etiquetas, Sea el primero en etiquetar este registro!
|
MARC
| LEADER | 00000nam a22000003a 4500 | ||
|---|---|---|---|
| 001 | stu124206 | ||
| 005 | 20150617225855.0 | ||
| 008 | 060726s2001----xxu-----------------eng-d | ||
| 020 | |a 0-7603-0837-3 | ||
| 040 | |a STU |b slo | ||
| 041 | 0 | |a eng | |
| 044 | |a xxu | ||
| 080 | |a 621.438 | ||
| 100 | 1 | |a Davis, Earl |4 aut | |
| 245 | 1 | |a Supercharging, Turbocharging, & Nitrous Oxide : |b Performance Handbook | |
| 250 | |a [1. vyd.] | ||
| 260 | |a St. Paul : |b Motorbooks, |c 2001 | ||
| 300 | |a 160 s | ||
| 650 | 7 | |a spaľovacie turbíny |2 stusub | |
| 650 | 7 | |a plynové turbíny |2 stusub | |
| 700 | 1 | |a Perkins-Davis, Diane |4 aut | |
| 830 | 0 | |a Powerpro Series |v 2001 | |
| 996 | |b 284J029440 |c J*105940 |l JJK9 |s P |a 0 |w stu124206_0001 | ||